000 00234nam a22001097a 4500
003 SGT
100 _aTANENBAUM, A.S.
245 _aSTRUCTURED COMPUTER ORGANIZATION
250 _a5TH E.D.
260 _aNEW DELHI
_bPHI
942 _2ddc
_cCD
999 _c20028
_d20028